000 00526nmm a2200181Ia 4500
008 251105s9999||||xx |||||||||||||||||und||
041 _acat
100 _aMcIlvanney, Liam
245 0 _aEl Quàquer
264 _a[Madrid, España] :
_bUnivers Llibres,
_c[Fecha de publicación no identificada]
300 _a0 páginas
490 _aUnivers digital
650 _aThriller & Suspense
700 _aMcIlvanney, Liam
700 1 _a Puntí, Joan
856 _uhttps://public.digitaliapublishing.com/a/120065
942 _cCF
999 _c68718
_d68718